[Event "Titled Tue 1st Jul Early"]
[Site "chess.com INT"]
[Date "2025.07.01"]
[Round "2"]
[White "Vasilenok, Anton"]
[Black "Wong, Yinn Long"]
[Result "0-1"]
[WhiteTitle "CM"]
[BlackTitle "FM"]
[WhiteElo "2137"]
[BlackElo "2300"]
[WhiteFideId "34133124"]
[BlackFideId "5707684"]
[EventDate "2025.07.01"]

1. e4 c6 2. d4 d5 3. e5 Bf5 4. h4 h5 5. Bd3 Bxd3 6. Qxd3 e6 7. Bg5 Qa5+ 8. Nd2
Qa6 9. c4 Nd7 10. Ne2 Nh6 11. b3 Nf5 12. Ng3 Nxg3 13. fxg3 Bb4 14. O-O O-O 15.
Qe2 Bc3 16. Qxh5 Bxd4+ 17. Kh2 Bxa1 18. Rxa1 Nxe5 19. Be3 f6 20. g4 g6 21. Qh6
Nxg4+ 0-1

[Event "Titled Tue 1st Jul Early"]
[Site "chess.com INT"]
[Date "2025.07.01"]
[Round "2"]
[White "Saydaliev, Saidakbar"]
[Black "Caprio, Guido"]
[Result "0-1"]
[WhiteTitle "IM"]
[BlackTitle "IM"]
[WhiteElo "2457"]
[BlackElo "2435"]
[WhiteFideId "14203693"]
[BlackFideId "834580"]
[EventDate "2025.07.01"]

1. d4 Nf6 2. c4 e6 3. Nf3 b6 4. a3 Bb7 5. Nc3 Ne4 6. Qc2 Nxc3 7. Qxc3 Be7 8. g3
O-O 9. Bg2 d6 10. O-O Nd7 11. d5 exd5 12. Nd2 Bf6 13. Qc2 Re8 14. e3 Nc5 15.
cxd5 Ba6 16. Rd1 Bd3 17. Qxd3 Nxd3 18. Nc4 Nxc1 19. Raxc1 b5 20. Na5 Bxb2 21.
Rb1 Bxa3 22. Nc6 Qf6 23. Rxb5 Bc5 24. h4 Bb6 25. Rb4 a5 26. Rf4 Qc3 0-1

[Event "Titled Tue 1st Jul Early"]
[Site "chess.com INT"]
[Date "2025.07.01"]
[Round "2"]
[White "Le, Tuan Minh"]
[Black "Horobetz, Graham"]
[Result "1-0"]
[WhiteTitle "GM"]
[WhiteElo "2598"]
[BlackElo "2241"]
[WhiteFideId "12401153"]
[BlackFideId "2047322"]
[EventDate "2025.07.01"]

1. d4 Nf6 2. Nf3 d5 3. Bf4 c5 4. c3 Nc6 5. e3 Qb6 6. Qc2 g6 7. Nbd2 Bg7 8. h3
O-O 9. Be2 Nh5 10. Bh2 f5 11. O-O cxd4 12. exd4 f4 13. Rfe1 Bd7 14. Nb3 Qc7 15.
Nc5 Bf5 16. Qb3 Rad8 17. Ng5 b6 18. Nce6 Bxe6 19. Nxe6 Qd6 20. Bf3 Na5 21. Qd1
Rf6 22. Nxd8 Qxd8 23. Bxh5 gxh5 24. Qxh5 Nc4 25. Re2 Nd6 26. Qxd5+ e6 27. Rxe6 1-0

[Event "Titled Tue 1st Jul Early"]
[Site "chess.com INT"]
[Date "2025.07.01"]
[Round "2"]
[White "Bilochenko, Matvii"]
[Black "Panda, Sambit"]
[Result "0-1"]
[WhiteTitle "CM"]
[BlackTitle "IM"]
[WhiteElo "2005"]
[BlackElo "2379"]
[WhiteFideId "41834062"]
[BlackFideId "25091794"]
[EventDate "2025.07.01"]

1. b3 b6 2. e4 Bb7 3. Nc3 c5 4. Bb2 e6 5. Nge2 Nc6 6. f4 Nd4 7. d3 Ne7 8. Nxd4
cxd4 9. Ne2 d5 10. e5 Nf5 11. Nxd4 Qh4+ 12. Ke2 Nxd4+ 13. Bxd4 Qxf4 14. c3 Bc5
15. Qd2 Qg4+ 16. Ke1 Bxd4 17. cxd4 Qxd4 18. Rc1 Qxe5+ 19. Be2 d4 20. Kf2 O-O 21.
Rhf1 Qxh2 22. Rh1 Qxg2+ 23. Ke1 Qxh1+ 0-1

[Event "Titled Tue 1st Jul Early"]
[Site "chess.com INT"]
[Date "2025.07.01"]
[Round "2"]
[White "Petersen, Marcel"]
[Black "Galchenko, Matvey"]
[Result "0-1"]
[WhiteTitle "CM"]
[BlackTitle "IM"]
[WhiteElo "2236"]
[BlackElo "2435"]
[WhiteFideId "12935670"]
[BlackFideId "24175480"]
[EventDate "2025.07.01"]

1. e4 e6 2. d4 d5 3. Nd2 a6 4. c3 c5 5. Ngf3 Nf6 6. e5 Nfd7 7. Bd3 Nc6 8. O-O g5
9. h3 h5 10. g4 hxg4 11. hxg4 Qb6 12. dxc5 Qc7 13. Re1 Ndxe5 14. Nxe5 Nxe5 15.
Nf3 Nxf3+ 16. Qxf3 Qh2+ 17. Kf1 Rh3 18. Qxd5 Bxc5 19. Qxc5 Qh1+ 20. Ke2 Qf3+ 21.
Kf1 Rh1# 0-1

[Event "Titled Tue 1st Jul Early"]
[Site "chess.com INT"]
[Date "2025.07.01"]
[Round "2"]
[White "Rakhmanov, Aleksandr"]
[Black "Xalmatov, Yakubjon"]
[Result "1-0"]
[WhiteTitle "GM"]
[BlackTitle "CM"]
[WhiteElo "2585"]
[BlackElo "2096"]
[WhiteFideId "4173708"]
[BlackFideId "14201615"]
[EventDate "2025.07.01"]

1. c4 c6 2. d4 d5 3. cxd5 cxd5 4. Nf3 Nf6 5. Nc3 Nc6 6. Bf4 a6 7. Ne5 Qb6 8.
Nxc6 Qxc6 9. Rc1 Qb6 10. e3 Bd7 11. Bd3 Rc8 12. O-O e6 13. Na4 Qd8 14. Rxc8 Bxc8
15. Qc2 Bd7 16. Rc1 Be7 17. Bc7 Bxa4 18. Qxa4+ Qd7 19. Qb3 O-O 20. Qxb7 Rc8 21.
Bxa6 Re8 22. Qc6 Qxc6 23. Rxc6 Ra8 24. a4 Ne8 25. Bg3 1-0

[Event "Titled Tue 1st Jul Early"]
[Site "chess.com INT"]
[Date "2025.07.01"]
[Round "2"]
[White "Liu, Zachary Hankun"]
[Black "Novikova, Anna"]
[Result "1-0"]
[BlackTitle "WIM"]
[WhiteElo "2067"]
[BlackElo "2179"]
[WhiteFideId "2640287"]
[BlackFideId "4146794"]
[EventDate "2025.07.01"]

1. Nf3 Nf6 2. c4 g6 3. b3 Bg7 4. Bb2 d6 5. g3 e5 6. Bg2 Bf5 7. O-O O-O 8. d3
Nbd7 9. Nc3 a5 10. h3 b6 11. Nh4 Be6 12. Bxa8 Qxa8 13. Kh2 g5 14. Ng2 Nc5 15. e3
Qc8 16. g4 h5 17. f3 Nh7 18. e4 h4 19. Ne2 Re8 20. d4 Nd7 21. d5 Nhf8 22. dxe6
Nxe6 23. Ne3 Nf6 24. Nf5 Bf8 25. Qd2 1-0

[Event "Titled Tue 1st Jul Early"]
[Site "chess.com INT"]
[Date "2025.07.01"]
[Round "2"]
[White "Hernandez Leon, Sergio"]
[Black "Skiadopoulos, Nikolaos"]
[Result "1-0"]
[WhiteTitle "CM"]
[BlackTitle "CM"]
[WhiteElo "2109"]
[BlackElo "1882"]
[WhiteFideId "2285622"]
[BlackFideId "4200772"]
[EventDate "2025.07.01"]

1. e4 c5 2. Nc3 e6 3. g3 d5 4. exd5 exd5 5. Bg2 Be6 6. Nf3 Nf6 7. O-O d4 8. Ne2
Bd6 9. d3 O-O 10. Nf4 Bg4 11. h3 Bxf4 12. Bxf4 Bh5 13. g4 Nxg4 14. hxg4 Bxg4 15.
Qd2 Nc6 16. Ne5 Nxe5 17. Bxe5 f6 18. Bg3 Qd7 19. Rfe1 Rae8 20. Qf4 Rxe1+ 21.
Rxe1 Bh5 22. Qd6 Qc8 23. Qd5+ Bf7 24. Qxb7 Qxb7 25. Bxb7 Bxa2 26. Ra1 Be6 27.
Rxa7 g5 28. Bd6 Rd8 29. Bxc5 Rd7 30. Ra8+ Kf7 31. Bc8 Rd8 32. Bxe6+ 1-0

[Event "Titled Tue 1st Jul Early"]
[Site "chess.com INT"]
[Date "2025.07.01"]
[Round "2"]
[White "Risteski, Emil"]
[Black "Huseynova, Lala"]
[Result "1-0"]
[WhiteTitle "IM"]
[BlackTitle "WFM"]
[WhiteElo "2374"]
[BlackElo "2045"]
[WhiteFideId "15005267"]
[BlackFideId "13431781"]
[EventDate "2025.07.01"]

1. e4 c5 2. Nc3 d6 3. f4 g6 4. Nf3 Bg7 5. Bb5+ Nc6 6. Bxc6+ bxc6 7. d3 Nf6 8.
O-O O-O 9. Qe1 Bg4 10. b3 d5 11. e5 Nd7 12. Na4 Bxf3 13. Rxf3 e6 14. c4 f6 15.
exf6 Qxf6 16. Bb2 Qf7 17. Bxg7 Kxg7 18. Rc1 d4 19. Qa5 Qe7 20. Re1 Qd6 21. Re4
e5 22. fxe5 Nxe5 23. Rxf8 Rxf8 24. Qxc5 Qxc5 25. Nxc5 Rf5 26. Ne6+ Kf6 27. Nxd4
Rg5 28. Re3 c5 29. Nf3 Nxf3+ 30. Rxf3+ Ke7 31. Kf2 a5 32. g3 h5 33. d4 cxd4 34.
Rf4 Rf5 35. Rxf5 gxf5 36. Ke2 Kd6 37. Kd3 Kc5 38. a3 1-0

[Event "Titled Tue 1st Jul Early"]
[Site "chess.com INT"]
[Date "2025.07.01"]
[Round "2"]
[White "Silva, Mariana"]
[Black "Sava, Robert-Gabriel"]
[Result "1-0"]
[WhiteTitle "WFM"]
[BlackTitle "CM"]
[WhiteElo "2039"]
[BlackElo "2121"]
[WhiteFideId "1911899"]
[BlackFideId "1265725"]
[EventDate "2025.07.01"]

1. d4 e6 2. c4 b6 3. Nc3 Bb7 4. e4 Bb4 5. Bd3 f5 6. Qe2 Nf6 7. e5 Bxg2 8. exf6
Qxf6 9. Nf3 Bxh1 10. Bf4 Nc6 11. O-O-O Bxf3 12. Qxf3 O-O 13. Rg1 Nxd4 14. Qg3
Bxc3 15. bxc3 Nc6 16. Bc2 Qxc3 17. Qxc3 g6 18. Bh6 Rf7 19. h4 e5 20. h5 Nd4 21.
Re1 c5 22. Rxe5 d6 23. Re1 f4 24. hxg6 hxg6 25. Bxg6 Rf6 26. Qd3 b5 27. Re7 d5
28. Bh7+ Kh8 29. Bg7# 1-0

[Event "Titled Tue 1st Jul Early"]
[Site "chess.com INT"]
[Date "2025.07.01"]
[Round "2"]
[White "Hari, Madhavan N B"]
[Black "Fedotov, Nikita2"]
[Result "1-0"]
[WhiteTitle "IM"]
[BlackTitle "FM"]
[WhiteElo "2365"]
[BlackElo "2278"]
[WhiteFideId "25054309"]
[BlackFideId "24161446"]
[EventDate "2025.07.01"]

1. d4 Nf6 2. Nf3 e6 3. c4 d5 4. Nc3 Nbd7 5. Bf4 Bb4 6. cxd5 exd5 7. e3 c6 8. Bd3
O-O 9. O-O Re8 10. Qc2 Nf8 11. a3 Bd6 12. Bxd6 Qxd6 13. b4 a6 14. Rab1 Be6 15.
Na4 Rad8 16. Nc5 Bc8 17. a4 Ng6 18. b5 axb5 19. axb5 Qe7 20. bxc6 bxc6 21. Qa4
Rd6 22. Bxg6 hxg6 23. Ne5 Ng4 24. Nxc6 Qh4 25. h3 Nxe3 26. fxe3 Bxh3 27. Ne5 Qg3
28. Qxe8+ Kh7 29. Rf2 1-0

[Event "Titled Tue 1st Jul Early"]
[Site "chess.com INT"]
[Date "2025.07.01"]
[Round "2"]
[White "Storn, Justin"]
[Black "Lu, Xiahan (Luna)"]
[Result "1-0"]
[BlackTitle "WCM"]
[WhiteElo "2118"]
[BlackElo "1896"]
[WhiteFideId "30922720"]
[BlackFideId "4317076"]
[EventDate "2025.07.01"]

1. e4 e6 2. Nf3 d5 3. Nc3 Nf6 4. exd5 exd5 5. d4 Bd6 6. Bg5 O-O 7. Be2 c6 8. O-O
h6 9. Bh4 Bf5 10. Re1 Nbd7 11. Bg3 Bxg3 12. hxg3 Re8 13. Bd3 Bxd3 14. Qxd3 Qc7
15. Kf1 c5 16. dxc5 Nxc5 17. Qd4 Ne6 18. Qe5 Qc4+ 19. Qe2 Qxe2+ 20. Nxe2 Rac8
21. c3 Nc5 22. Red1 Red8 23. Rd4 Nce4 24. Rad1 Kf8 25. Nf4 Rc5 26. Ne5 Ke7 27.
Ned3 Rb5 28. a4 Ra5 29. Nb4 Rxa4 30. Nbxd5+ Nxd5 31. Nxd5+ Ke6 32. Nf4+ Ke7 33.
Rxd8 g5 34. R8d7+ Ke8 35. Nh5 f5 36. Rxb7 Nc5 37. Ng7+ Kf8 38. Rd8# 1-0

[Event "Titled Tue 1st Jul Early"]
[Site "chess.com INT"]
[Date "2025.07.01"]
[Round "2"]
[White "Tikhonov, Viacheslav"]
[Black "Fichter, Fabian"]
[Result "1-0"]
[WhiteTitle "CM"]
[BlackTitle "FM"]
[WhiteElo "2183"]
[BlackElo "2227"]
[WhiteFideId "44196407"]
[BlackFideId "24613258"]
[EventDate "2025.07.01"]

1. d4 d5 2. c4 e6 3. Nf3 Nf6 4. g3 Be7 5. Bg2 O-O 6. O-O c6 7. Nc3 Nbd7 8. b3 b6
9. Qc2 Bb7 10. Rd1 Qc8 11. e4 dxe4 12. Ng5 c5 13. d5 exd5 14. cxd5 Re8 15. Ncxe4
h6 16. Nh3 Nxe4 17. Bxe4 Nf6 18. Bf5 Qc7 19. Nf4 Bd6 20. Bh3 Rad8 21. Bg2 Be5
22. Bb2 Bxf4 23. Bxf6 gxf6 24. gxf4 Qxf4 25. Qc3 Re5 26. Qg3+ Qxg3 27. hxg3 Kf8
28. Rd2 Ke7 29. d6+ 1-0

[Event "Titled Tue 1st Jul Early"]
[Site "chess.com INT"]
[Date "2025.07.01"]
[Round "2"]
[White "Mujumdar, Sameer"]
[Black "Chiu, Isaac"]
[Result "0-1"]
[WhiteElo "2054"]
[BlackElo "2226"]
[WhiteFideId "2029707"]
[BlackFideId "30900654"]
[EventDate "2025.07.01"]

1. d4 d5 2. c4 dxc4 3. e3 e5 4. Bxc4 Nc6 5. Nf3 e4 6. Nfd2 Qg5 7. Kf1 Nf6 8. Nc3
Qg6 9. f3 exf3 10. Nxf3 Bd6 11. Bd3 Qh5 12. Bd2 Bg4 13. h3 O-O-O 14. Rg1 Bd7 15.
e4 Bb4 16. e5 Bxc3 17. bxc3 Nd5 18. Rb1 f6 19. c4 Nb6 20. c5 fxe5 21. cxb6 axb6
22. d5 Rhf8 23. Ke1 e4 24. dxc6 Bxc6 25. Be2 exf3 26. Bxf3 Bxf3 27. gxf3 Rxf3
28. Rg2 Qh4+ 29. Ke2 Qe4+ 0-1

[Event "Titled Tue 1st Jul Early"]
[Site "chess.com INT"]
[Date "2025.07.01"]
[Round "2"]
[White "Klukin, Kirill"]
[Black "Daulet, Alikhan"]
[Result "1-0"]
[WhiteTitle "IM"]
[BlackTitle "CM"]
[WhiteElo "2401"]
[BlackElo "2075"]
[WhiteFideId "24199273"]
[BlackFideId "13741632"]
[EventDate "2025.07.01"]

1. d4 d5 2. c4 e6 3. Nc3 Nf6 4. cxd5 exd5 5. Bf4 c6 6. e3 Bd6 7. Bxd6 Qxd6 8.
Bd3 O-O 9. Nge2 Re8 10. Qc2 Nbd7 11. O-O a5 12. Ng3 Nf8 13. Rad1 h5 14. e4 dxe4
15. Ncxe4 Nxe4 16. Nxe4 Qxd4 17. Nd6 Qxd6 18. Bh7+ Nxh7 19. Rxd6 Be6 20. Rfd1
Nf6 21. h3 a4 22. b3 axb3 23. axb3 Nd5 24. Qc5 g6 25. b4 Ra4 26. Rd4 Ra1+ 27.
Kh2 Rb1 28. Qa7 Rxb4 29. R6xd5 Rxd4 30. Rxd4 b5 31. Qc5 Bd5 32. Rd3 Re2 33. Re3
Rb2 34. Re8+ Kh7 35. Qd4 1-0

[Event "Titled Tue 1st Jul Early"]
[Site "chess.com INT"]
[Date "2025.07.01"]
[Round "2"]
[White "Ebrahimi Herab, Hamidreza"]
[Black "Belov, Alexei"]
[Result "1-0"]
[WhiteTitle "FM"]
[BlackTitle "IM"]
[WhiteElo "2404"]
[BlackElo "2421"]
[WhiteFideId "22512888"]
[BlackFideId "4128206"]
[EventDate "2025.07.01"]

1. d4 d5 2. c4 e6 3. Nc3 Be7 4. cxd5 exd5 5. Bf4 c6 6. e3 Bf5 7. h3 Nd7 8. Bd3
Bxd3 9. Qxd3 Ngf6 10. Nge2 O-O 11. O-O Re8 12. f3 b5 13. Rad1 Nb6 14. b3 b4 15.
Nb1 c5 16. dxc5 Bxc5 17. Nd4 h6 18. Bg3 Nh5 19. Bf2 Bd6 20. Rc1 Rc8 21. Qa6 Qd7
22. Qb5 Qb7 23. Rc6 Be5 24. Rfc1 Bxd4 25. exd4 Nf4 26. Kf1 Qd7 27. R1c5 Rxc6 28.
Qxc6 Qe7 29. Qb5 Qg5 30. Qxe8+ 1-0

[Event "Titled Tue 1st Jul Early"]
[Site "chess.com INT"]
[Date "2025.07.01"]
[Round "2"]
[White "Sarana, Alexey"]
[Black "Lebedev, Artem S."]
[Result "1-0"]
[WhiteTitle "GM"]
[BlackTitle "CM"]
[WhiteElo "2686"]
[BlackElo "2198"]
[WhiteFideId "24133795"]
[BlackFideId "34272747"]
[EventDate "2025.07.01"]

1. d4 Nf6 2. c4 e6 3. Nc3 Bb4 4. f3 O-O 5. a3 Bxc3+ 6. bxc3 d6 7. e4 e5 8. Bd3
Nh5 9. Ne2 Nc6 10. O-O b6 11. g4 Nf6 12. Be3 Na5 13. Ng3 Ba6 14. Qe2 Qd7 15. a4
Qc6 16. Nf5 Rfe8 17. d5 Qd7 18. Bg5 Kh8 19. Bxf6 gxf6 20. f4 Rg8 21. h3 c6 22.
fxe5 fxe5 23. Nh6 Rg7 24. Rf6 cxd5 25. cxd5 Bxd3 26. Qxd3 Rf8 27. Raf1 Nb7 28.
Qf3 Nd8 29. Nf5 Rg6 30. Nxd6 Qxa4 31. Qf5 Kg8 32. Qxe5 Qd7 33. Nf5 Re8 34. Rxg6+
fxg6 35. Nh6# 1-0

[Event "Titled Tue 1st Jul Early"]
[Site "chess.com INT"]
[Date "2025.07.01"]
[Round "2"]
[White "Shuvalov, Evgenij"]
[Black "Xiong, Jeffery"]
[Result "0-1"]
[BlackTitle "GM"]
[WhiteElo "1980"]
[BlackElo "2646"]
[WhiteFideId "4187237"]
[BlackFideId "2047640"]
[EventDate "2025.07.01"]

1. d4 d5 2. c4 e6 3. Nf3 dxc4 4. e4 b5 5. a4 c6 6. axb5 cxb5 7. b3 Nf6 8. e5 Ne4
9. bxc4 Bb4+ 10. Nbd2 Nc6 11. cxb5 Nxd4 12. Bc4 Nc3 13. Nxd4 Nxd1 14. Nc6 Bxd2+
15. Bxd2 Qh4 16. Rxd1 Qxc4 17. Bb4 Bd7 18. Rd4 Qxb5 0-1

[Event "Titled Tue 1st Jul Early"]
[Site "chess.com INT"]
[Date "2025.07.01"]
[Round "2"]
[White "Samunenkov, Ihor"]
[Black "Smirnov, Alexandr A."]
[Result "1-0"]
[WhiteTitle "GM"]
[BlackTitle "FM"]
[WhiteElo "2555"]
[BlackElo "2136"]
[WhiteFideId "14187086"]
[BlackFideId "24104396"]
[EventDate "2025.07.01"]

1. e4 d5 2. exd5 Qxd5 3. Nc3 Qd6 4. d4 Nf6 5. Nf3 a6 6. g3 Bg4 7. Bg2 Nc6 8. d5
Ne5 9. Bf4 Nxf3+ 10. Bxf3 e5 11. Be3 h5 12. h3 Bxf3 13. Qxf3 O-O-O 14. O-O-O Be7
15. Rhe1 Rhe8 16. Kb1 Qd7 17. Rh1 Bb4 18. Ne4 Nxe4 19. Qxe4 Bd6 20. g4 Rh8 21.
c4 g6 22. c5 f5 23. gxf5 gxf5 24. Qc4 Be7 25. d6 Bf6 26. dxc7 Kxc7 27. Rxd7+ 1-0

[Event "Titled Tue 1st Jul Early"]
[Site "chess.com INT"]
[Date "2025.07.01"]
[Round "2"]
[White "Sailer, Mike"]
[Black "Lyakh, Vasiliy"]
[Result "0-1"]
[WhiteElo "2108"]
[BlackElo "2123"]
[WhiteFideId "2012901"]
[BlackFideId "14189828"]
[EventDate "2025.07.01"]

1. d4 Nf6 2. Nf3 b6 3. e3 Bb7 4. Bd3 e6 5. O-O d5 6. b3 Bd6 7. Bb2 O-O 8. Nbd2
c5 9. Ne5 Nbd7 10. f4 Ne4 11. Rf3 f6 12. Nxd7 Qxd7 13. Rh3 Rac8 14. Nxe4 dxe4
15. Bc4 b5 16. Be2 Rfd8 17. a4 a6 18. axb5 axb5 19. Ra5 Bc6 20. dxc5 Bxc5 21.
Qxd7 Rxd7 22. Bxb5 Bb6 23. Bxc6 Rxc6 24. Ra8+ Kf7 25. Ba3 Rd1+ 26. Kf2 Rxc2+ 27.
Kg3 Rg1 28. Rf8+ Kg6 29. Kh4 Rcxg2 30. Rg3+ Rxg3 31. hxg3 Rh1+ 32. Kg4 h5# 0-1

[Event "Titled Tue 1st Jul Early"]
[Site "chess.com INT"]
[Date "2025.07.01"]
[Round "2"]
[White "Gruzman, Ilya"]
[Black "Garcia Almaguer, Juan Manuel"]
[Result "0-1"]
[WhiteTitle "CM"]
[BlackTitle "CM"]
[WhiteElo "2165"]
[BlackElo "2142"]
[WhiteFideId "2812703"]
[BlackFideId "5110491"]
[EventDate "2025.07.01"]

1. d4 Nf6 2. c4 e6 3. Nf3 c5 4. d5 exd5 5. cxd5 d6 6. Nc3 g6 7. Nd2 Bg7 8. e4
O-O 9. Be2 a6 10. a4 Re8 11. O-O g5 12. Nc4 Nxe4 13. Nxe4 Rxe4 14. Qc2 Re8 15.
Ra3 h6 16. f4 Bd4+ 17. Kh1 Qe7 18. Bh5 g4 19. Rg3 f5 20. Bxe8 Qxe8 21. Nxd6 Qf8
22. Nxc8 Qxc8 23. Be3 Bf6 24. b4 c4 25. Rxg4+ fxg4 26. Qg6+ Bg7 27. Bd4 Qd7 28.
Re1 Nc6 29. Bxg7 Qxg7 30. Re8+ Rxe8 31. Qxe8+ Kh7 32. Qe4+ Qg6 33. f5 Qf6 0-1

[Event "Titled Tue 1st Jul Early"]
[Site "chess.com INT"]
[Date "2025.07.01"]
[Round "2"]
[White "Ketzetzis, Georgios"]
[Black "Kozak, Adam"]
[Result "0-1"]
[WhiteTitle "FM"]
[BlackTitle "GM"]
[WhiteElo "2292"]
[BlackElo "2589"]
[WhiteFideId "4215206"]
[BlackFideId "753246"]
[EventDate "2025.07.01"]

1. e4 d6 2. d4 Nf6 3. Nc3 e5 4. Nf3 exd4 5. Nxd4 g6 6. Bg5 Bg7 7. Qf3 h6 8. Be3
Nbd7 9. h3 O-O 10. Be2 Re8 11. g4 Nc5 12. g5 hxg5 13. Bxg5 Re5 14. h4 Bg4 15.
Bxf6 Bxf3 16. Bxd8 Bxh1 17. Bxc7 Nxe4 18. O-O-O Bh6+ 19. Kb1 Nxc3+ 20. bxc3 Rxe2
21. Rxh1 Rxf2 22. Bxd6 Rc8 23. h5 g5 24. Be5 f6 25. Bg3 Rg2 26. Nf5 Bf8 27. h6
Kh7 28. Rd1 Kg6 29. Rd7 Kxf5 30. h7 Ba3 0-1

[Event "Titled Tue 1st Jul Early"]
[Site "chess.com INT"]
[Date "2025.07.01"]
[Round "2"]
[White "Daroczi, Donat"]
[Black "Perez Cruz, Adianet"]
[Result "0-1"]
[WhiteTitle "FM"]
[BlackTitle "WFM"]
[WhiteElo "2101"]
[BlackElo "1984"]
[WhiteFideId "788376"]
[BlackFideId "3510115"]
[EventDate "2025.07.01"]

1. b3 c6 2. Bb2 d5 3. Nf3 Nf6 4. g3 Bg4 5. Bg2 Bxf3 6. exf3 Nbd7 7. O-O e6 8. f4
Be7 9. Re1 O-O 10. d3 Rc8 11. Nd2 c5 12. Nf3 a6 13. Ne5 b5 14. a4 Nxe5 15. fxe5
Nd7 16. f4 g6 17. Qf3 c4 18. axb5 cxb3 19. bxa6 Rxc2 20. Bd4 Bc5 21. Bxc5 Nxc5
22. Reb1 Qb6 23. d4 Ne4 24. Qd3 b2 25. Qxc2 Qxd4+ 26. Kf1 bxa1=Q 0-1

[Event "Titled Tue 1st Jul Early"]
[Site "chess.com INT"]
[Date "2025.07.01"]
[Round "2"]
[White "Kocharin, Timur"]
[Black "Krasteva, Beloslava"]
[Result "1-0"]
[WhiteTitle "FM"]
[BlackTitle "FM"]
[WhiteElo "2302"]
[BlackElo "2323"]
[WhiteFideId "16240936"]
[BlackFideId "2922029"]
[EventDate "2025.07.01"]

1. b3 c5 2. Bb2 Nc6 3. e4 d6 4. Bb5 Bd7 5. Nf3 a6 6. Bxc6 Bxc6 7. Nc3 Nf6 8. Qe2
e5 9. h3 Be7 10. g4 h6 11. Rg1 b5 12. d3 b4 13. Nd1 a5 14. a4 bxa3 15. Rxa3 a4
16. Ne3 axb3 17. Rxb3 Ba4 18. Ra3 Qa5+ 19. Bc3 Qb6 20. Kd2 Bc6 21. Rxa8+ Bxa8
22. Nf5 Bf8 23. Ra1 Bc6 24. Qe1 g6 25. Rb1 Qc7 26. Ne3 Bg7 27. h4 O-O 28. h5 Rb8
29. Rxb8+ Qxb8 30. hxg6 fxg6 31. Nh4 Be8 32. f3 Bf7 33. Qg3 Nh7 34. Qg2 Ng5 35.
Qf2 Ne6 36. Nhg2 Nd4 37. Nc4 Qb1 38. Bxd4 cxd4 39. Qe1 Qxe1+ 40. Nxe1 1-0

[Event "Titled Tue 1st Jul Early"]
[Site "chess.com INT"]
[Date "2025.07.01"]
[Round "2"]
[White "Turcsanyi, Vince Gergo"]
[Black "Tiitta, Sauli"]
[Result "1-0"]
[WhiteTitle "FM"]
[WhiteElo "2312"]
[BlackElo "2157"]
[WhiteFideId "791784"]
[BlackFideId "502251"]
[EventDate "2025.07.01"]

1. d4 c5 2. d5 h6 3. h4 d6 4. c4 Nf6 5. b3 e6 6. Bb2 exd5 7. cxd5 Be7 8. Nd2 O-O
9. e4 Re8 10. Be2 Bf8 11. Qc2 Nbd7 12. g4 g5 13. hxg5 hxg5 14. Ngf3 Ne5 15. Nxg5
Bxg4 16. f4 Bxe2 17. fxe5 Ng4 18. e6 Qxg5 19. Rh8# 1-0

[Event "Titled Tue 1st Jul Early"]
[Site "chess.com INT"]
[Date "2025.07.01"]
[Round "2"]
[White "Stevik, Patrik"]
[Black "Alonso Rosell, Alvar"]
[Result "0-1"]
[WhiteTitle "FM"]
[BlackTitle "GM"]
[WhiteElo "2314"]
[BlackElo "2536"]
[WhiteFideId "14944812"]
[BlackFideId "2270544"]
[EventDate "2025.07.01"]

1. Nf3 Nf6 2. g3 c5 3. Bg2 Nc6 4. O-O d6 5. d4 cxd4 6. Nxd4 Bd7 7. b3 h5 8. c4
h4 9. Nc3 Qc8 10. Nd5 hxg3 11. fxg3 Bh3 12. Nxc6 Bxg2 13. Kxg2 Qh3+ 14. Kf3 Qh5+
15. Ke3 bxc6 16. Nxf6+ gxf6 17. Bb2 Qg6 18. Qd3 Qg5+ 19. Kf3 Rxh2 20. Qe4 Qh5+
21. Qg4 Qxg4+ 22. Kxg4 Rxe2 23. Bd4 e5 24. Bg1 Be7 25. Kf3 Rc2 26. g4 Kd7 27.
Rfd1 Rh8 28. Be3 Rh3+ 29. Ke4 Re2 30. Rd3 Ke6 31. Rad1 d5+ 32. cxd5+ cxd5+ 33.
Rxd5 Rexe3# 0-1

[Event "Titled Tue 1st Jul Early"]
[Site "chess.com INT"]
[Date "2025.07.01"]
[Round "2"]
[White "Piesik, Piotr"]
[Black "Niemann, Hans Moke"]
[Result "0-1"]
[WhiteTitle "IM"]
[BlackTitle "GM"]
[WhiteElo "2436"]
[BlackElo "2736"]
[WhiteFideId "1136194"]
[BlackFideId "2093596"]
[EventDate "2025.07.01"]

1. Nf3 d5 2. g3 Nc6 3. d4 Bf5 4. Bg2 Nb4 5. Na3 e6 6. O-O Be7 7. Ne5 Nf6 8. c3
Nc6 9. Nxc6 bxc6 10. Nc2 h5 11. Bg5 Ne4 12. Bxe7 Qxe7 13. f3 Nd6 14. Re1 Bxc2
15. Qxc2 h4 16. e4 hxg3 17. hxg3 Qg5 18. Qf2 Kd7 19. exd5 cxd5 20. Re5 Qh6 21.
g4 Nc4 22. Re2 Qf4 23. b3 Nd6 24. c4 c6 25. cxd5 cxd5 26. Rc2 Rac8 27. Rd1 Nb5
28. Rxc8 Rxc8 29. Bf1 Nd6 30. Kg2 Rc3 31. Be2 Ke7 32. Qh4+ g5 33. Qg3 Rc2 34.
Qxf4 gxf4 35. Kf2 Rxa2 36. Rc1 Nb5 0-1

[Event "Titled Tue 1st Jul Early"]
[Site "chess.com INT"]
[Date "2025.07.01"]
[Round "2"]
[White "Sarveshwaran V"]
[Black "Montano Vicente, Guadalupe"]
[Result "1-0"]
[WhiteTitle "CM"]
[WhiteElo "2290"]
[BlackElo "1940"]
[WhiteFideId "25699016"]
[BlackFideId "5181399"]
[EventDate "2025.07.01"]

1. e4 c5 2. Nf3 d6 3. Nc3 Nf6 4. Bc4 e6 5. O-O Be7 6. d4 cxd4 7. Nxd4 O-O 8. Be3
a6 9. a4 Nbd7 10. Qe2 Nc5 11. f3 d5 12. exd5 exd5 13. Ba2 Ne6 14. Rad1 Nxd4 15.
Bxd4 Re8 16. Qf2 Be6 17. Kh1 Qa5 18. Qg3 Rad8 19. Qf2 Qb4 20. Rfe1 h6 21. Bb3
Qd6 22. Be5 Qc5 23. Qg3 d4 24. Ne4 1-0